The importance of what we care about philosophical essays (Registro nro. 70967)

Detalles MARC
000 -ENCABEZADO
Número de control [NR] 00861nam a2200241Ia 4500
008 - DE LONGITUD FIJA DE DATOS DE ELEMENTOS - INFORMACIÓN GENERAL
Elementos de longitud fija [NR] 130821s1988 enk gr eng
020 ## - NUMERO INTERNACIONAL NORMALIZADO PARA LIBROS [R]
Número Internacional Normalizado del libro [NR] 9780521333245
020 ## - NUMERO INTERNACIONAL NORMALIZADO PARA LIBROS [R]
Número Internacional Normalizado del libro [NR] 9780521336116
040 ## - FUENTE DE CATALOGACION [NR]
Agencia de catalogación original [NR] Co-BoUCM
Idioma de catalogación [NR] spa
041 00 - CODIGO DE IDIOMA [R]
Código de idioma para texto/pista de sonido o título separado [R] Inglés
100 1# - ASIENTO PRINCIPAL--NOMBRE PERSONAL [NR]
Nombre personal [NR] Frankfurt, Harry G.
Fechas asociadas con el nombre [NR] 1929-
ID Autoridad 127411
245 14 - MENCION DE TITULO [NR]
Título [NR] The importance of what we care about philosophical essays
Mención de responsabilidad, etc. [NR] Harry G. Frankfurt
260 ## - PUBLICACION, DISTRIBUCION, ETC. (PIE DE IMPRENTA) [R]
Lugar de publicación, distribución, etc. [R] Cambridge (Inglaterra)
Nombre del editor, distribuidor, etc. [R] Cambridge University Press
Fecha de publicación, distribución, etc. [R] 1988
300 ## - DESCRIPCION FISICA [R]
Extensión [R] x, 190 páginas
504 ## - NOTA DE BIBLIOGRAFIA, ETC. [R]
Nota de bibliografía, etc. [NR] Incluye referencias bibliográficas
650 04 - ASIENTO SECUNDARIO DE MATERIA - TERMINO TEMATICO [R]
Término temático o nombre geográfico como elemento de entrada [NR] Filosofía
9 (RLIN) 75
650 04 - ASIENTO SECUNDARIO DE MATERIA - TERMINO TEMATICO [R]
Término temático o nombre geográfico como elemento de entrada [NR] Igualdad
9 (RLIN) 17157
650 04 - ASIENTO SECUNDARIO DE MATERIA - TERMINO TEMATICO [R]
Término temático o nombre geográfico como elemento de entrada [NR] Ontología
9 (RLIN) 20750
650 04 - ASIENTO SECUNDARIO DE MATERIA - TERMINO TEMATICO [R]
Término temático o nombre geográfico como elemento de entrada [NR] Voluntad
9 (RLIN) 26364
856 41 - LOCALIZACION Y ACCESO ELECTRONICOS [R]
Nota dirigida al público [R] Consulte la tabla de contenido haciendo clic aquí
Identificador Uniforme del Recurso (“URI”) [R] <a href="http://www.loc.gov/catdir/toc/cam031/87026941.html">http://www.loc.gov/catdir/toc/cam031/87026941.html</a>
942 ## - ELEMENTOS DE ENTRADA AGREGADOS (KOHA)
Tipo de ítem principal el descrito en 300a Libro
Tema principal Filosofía
Edición 1
Parte restante de la signatura top. F829
Sistema de clasificación DEWEY
Clasificación 128
Existencias
Fecha de último préstamo Total préstamos Total Renewals Signatura topográfica Código de barras Última vez visto Ejemplar Price effective from Tipo de ítem Perdido Sistema de clasificación Dañado No prestable Tipo de ítem específico Suprimido Ubicación habitual Ubicación actual Localización Fecha de creación Forma de adquisición Costo
14/08/2014 3 1 128 F829 100112472 05/12/2025 Ej.1 03/02/2013 Libro   DEWEY     Libro   Claustro Claustro 2do piso 28/02/2013 Compra 46000.00